| 000 | 00853nam a2200241 i 4500 | ||
|---|---|---|---|
| 001 | 114972 | ||
| 003 | ES-MaACL | ||
| 005 | 20251115063251.0 | ||
| 007 | t| | ||
| 008 | 070214s1932 sp ||||1| spa d | ||
| 080 | _a86-221"19" | ||
| 100 | 1 |
_aMuñoz Seca, Pedro, _d1881-1936 _984499 |
|
| 245 | 1 | 0 |
_aTodo para tí! _b: comedia en tres actos / _cPedro Muñoz Seca ; dibujos de Manuel Prieto. |
| 260 |
_aMadrid : _bRivadeneyra, _c1932. |
||
| 300 |
_a77 p. : _bil. ; _c17 cm. |
||
| 490 | 1 |
_aLa Farsa ; _v228 |
|
| 500 | _aEstrenada en el Teatro Infanta Isabel, de Madrid, el día 10 de abril de 1932. | ||
| 500 | _aCubierta de este número: María Bru y José Isbert en una escena de Todo para tí! | ||
| 700 | 1 |
_aPrieto, Manuel. _993899 |
|
| 830 | 0 |
_aLa Farsa ; _v228 _9185863 |
|
| 852 |
_aES-MaACL _jC-13212 |
||
| 999 |
_c114972 _d114972 |
||